Kubula a Kuba Kubikula /
Půvabné pohádkové vyprávění o malých dětech a jejich kamarádech medvědovi, medvědářovi a strašidýlku Barbuchovi.
Uloženo v:
| Hlavní autor: | |
|---|---|
| Další autoři: | , |
| Médium: | E-audiokniha |
| Jazyk: | Czech |
| Vydáno: |
[Praha] :
Jonathan Livingston,
[2022]
|
| Témata: | |
| Tagy: |
Žádné tagy |
| LEADER | 02569nim a2200613 i 4500 | ||
|---|---|---|---|
| 001 | 313502 | ||
| 003 | CZ PrSKC | ||
| 005 | 20260601215744.0 | ||
| 007 | sd fungnnmmned | ||
| 008 | 230712s2022 xr nnnnj hz n cze | ||
| 015 | |a cnb003532927 | ||
| 020 | |z 978-80-86037-27-1 | ||
| 028 | 0 | 1 | |a AD004 |b Jonathan Livingston |
| 040 | |a ABA001 |b cze |e rda | ||
| 072 | 7 | |a 821.162.3-3 |x Česká próza |2 Konspekt | |
| 072 | 7 | |a 821-93 |x Literatura pro děti a mládež (beletrie) |2 Konspekt | |
| 080 | |a 821.162.3-32 |2 MRF | ||
| 080 | |a 821.162.3-34 |2 MRF | ||
| 080 | |a (086.7.053.2) |2 MRF | ||
| 080 | |a (086.7)08 |2 MRF | ||
| 080 | |a (086.76) |2 MRF | ||
| 100 | 1 | |a Vančura, Vladislav, |d 1891-1942 |7 jk01141424 |4 aut | |
| 245 | 1 | 0 | |a Kubula a Kuba Kubikula / |c Vladislav Vančura |
| 264 | 1 | |a [Praha] : |b Jonathan Livingston, |c [2022] | |
| 300 | |a 1 audiodisk (2 hod., 14 min.) ; |c 12 cm | ||
| 306 | |a 021400 | ||
| 336 | |a mluvené slovo |b spw |2 rdacontent | ||
| 337 | |a audio |b s |2 rdamedia | ||
| 338 | |a audiodisk |b sd |2 rdacarrier | ||
| 344 | |a digital |b optical |2 rda | ||
| 347 | |a audio soubor |b MP3 |2 rda | ||
| 500 | |a Název z disku | ||
| 508 | |a Režie: Jitka Škápíková | ||
| 511 | 1 | |a Čte David Novotný | |
| 520 | 2 | |a Půvabné pohádkové vyprávění o malých dětech a jejich kamarádech medvědovi, medvědářovi a strašidýlku Barbuchovi. | |
| 655 | 7 | |a české příběhy |7 fd133973 |2 czenas | |
| 655 | 7 | |a české pohádky |7 fd133970 |2 czenas | |
| 655 | 7 | |a zvukové záznamy pro děti a mládež |7 fd186726 |2 czenas | |
| 655 | 7 | |a audioknihy |7 fd119452 |2 czenas | |
| 655 | 7 | |a kompaktní disky |7 fd201991 |2 czenas | |
| 700 | 1 | |a Škápíková, Jitka, |d 1967- |7 mzk2007382100 |4 drt | |
| 700 | 1 | |a Novotný, David, |d 1969- |7 js20020603005 |4 nrt | |
| 900 | |a ABA001 |b 18 | ||
| 044 | |a xr | ||
| 505 | 0 | 0 | |t Kubula_a_Kuba_Kubikula_cast_1 (22 min., 1 sek.) |
| 505 | 0 | 0 | |t Kubula_a_Kuba_Kubikula_cast_1 (22 min., 1 sek.) |
| 505 | 0 | 0 | |t Kubula_a_Kuba_Kubikula_cast_2 (25 min., 28 sek.) |
| 505 | 0 | 0 | |t Kubula_a_Kuba_Kubikula_cast_3 (24 min., 6 sek.) |
| 505 | 0 | 0 | |t Kubula_a_Kuba_Kubikula_cast_4 (21 min., 57 sek.) |
| 505 | 0 | 0 | |t Kubula_a_Kuba_Kubikula_cast_5 (23 min., 1 sek.) |
| 505 | 0 | 0 | |t Kubula_a_Kuba_Kubikula_cast_6 (17 min., 41 sek.) |
| 910 | |a RBIT002 | ||
| 998 | |d 423625 |a https://core.palmknihy.cz/api/books/423625/cover?t5bhma |b https://core.palmknihy.cz/api/books/423625/cover/400?t5bhma |c https://core.palmknihy.cz/api/books/423625/cover/50?t5bhma |e 2032-12-31 |i 9788086037271 |l 8040 |q 49 |r 1 |s https://www.palmknihy.cz/kniha/423625 |t audiobook |y 2022 |z 0 | ||
| 999 | |d 313500 | ||